The straits times annual'82

Saved in:
Bibliographic Details
Format: Book
Language:Undetermined
Published: Thomson Road, Singapore Times Periodicals Pte Ltd 1982
Subjects:
Tags: Add Tag
No Tags, Be the first to tag this record!
Institutions: Trung tâm Học liệu Trường Đại học Cần Thơ
LEADER 00524nam a2200181Ia 4500
001 CTU_112257
008 210402s9999 xx 000 0 und d
082 |a 959.57 
082 |b S894 
245 4 |a The straits times annual'82 
245 0 |c Edited by E. Jane Perkins 
260 |a Thomson Road, Singapore 
260 |b Times Periodicals Pte Ltd 
260 |c 1982 
650 |a Singapore,Singapore 
650 |x Socioeconomic conditions,History 
904 |i Minh 
980 |a Trung tâm Học liệu Trường Đại học Cần Thơ